000 00733nam a2200253 4500
001 3618707
005 20180123050424.0
008 730921s1973 enka bs 101 0 eng
010 _a 73169770
015 _aGB73-18064
020 _a0716102072
040 _aDLC
_cDLC
_dDLC
041 _aeng
043 _aew-----
_ae-uk---
080 _a658.009
082 0 0 _a658.009 TOO
100 _a54
101 _aLID
245 0 0 _aHarmonization of business practice in the Common Market:
_cedited by Douglas Tookey.
350 _a£4.75
504 _aIncludes bibliographies and index.
906 _a7
_bcbc
_corignew
_d3
_encip
_f19
_gy-gencatlg
942 _2ddc
_cBK
999 _c40770
_d40770